Statystyki dla Rozpoznaj lekturę po bohaterze

Kliknij tutaj aby rozwiązać quiz!

Ogólne statystyki

  • Ten quiz został rozwiązany 505 razy
  • Średni wynik to 16 z 36

Statystyki odpowiedzi

BohaterLektura% Poprawnych
Tadeusz Zawadzki (Zośka)Kamienie na szaniec
92%
Lady MakbetMakbet
83%
AlinaBalladyna
82%
Stanisław WokulskiLalka
81%
Cześnik RaptusiewiczZemsta
81%
UrszulkaTreny
80%
KordianKordian
79%
Zbyszko z BogdańcaKrzyżacy
74%
TelimenaPan Tadeusz
74%
Józio i RóziaDziady cz. II
66%
Rodion RaskolnikowZbrodnia i kara
63%
Maciej BorynaChłopi
59%
Cezary BarykaPrzedwiośnie
55%
PetroniuszQuo vadis
53%
Pustelnik (Gustaw)Dziady cz. IV
50%
Tomasz JudymLudzie bezdomni
50%
KonradDziady cz. III
49%
CzepiecWesele
46%
OleńkaPotop
39%
Bernard RieuxDżuma
35%
HarpagonSkąpiec
32%
Józio KowalskiFerdydurke
30%
Zenon ZiembiewiczGranica
30%
LottaCierpienia młodego Wertera
29%
OfeliaHamlet
26%
Józef K.Proces
26%
Benedykt KorczyńskiNad Niemnem
22%
MefistofelesFaust
21%
Marek EdelmanZdążyć przed Panem Bogiem
21%
BeatryczeBoska komedia
20%
KarusiaRomantyczność
20%
WolandMistrz i Małgorzata
19%
Charlie MarlowJądro ciemności
18%
PankracyNie-Boska komedia
14%
Róża ŻabczyńskaCudzoziemka
9%
Sajetan TempeSzewcy
9%

Rozkład punktacji

Percentyl według liczby udzielonych odpowiedzi

Procent ludzi z każdym wynikiem

Twoja historia wyników

Nie rozwiązałeś tego quizu